<?xml version="1.0" encoding="UTF-8"?>
<record
    xmlns:xsi="http://www.w3.org/2001/XMLSchema-instance"
    xsi:schemaLocation="http://www.loc.gov/MARC21/slim http://www.loc.gov/standards/marcxml/schema/MARC21slim.xsd"
    xmlns="http://www.loc.gov/MARC21/slim">

  <leader>02832nam a2200325 i 4500</leader>
  <controlfield tag="001">000026697</controlfield>
  <controlfield tag="003">DO-SdBNP</controlfield>
  <controlfield tag="005">20240705073646.0</controlfield>
  <controlfield tag="007">ta</controlfield>
  <controlfield tag="008">110324s1988    dr      r     000 0 spa d</controlfield>
  <datafield tag="040" ind1=" " ind2=" ">
    <subfield code="a">DO-SdBNP</subfield>
    <subfield code="b">spa</subfield>
    <subfield code="c">BNPHU</subfield>
    <subfield code="e">rda</subfield>
  </datafield>
  <datafield tag="082" ind1=" " ind2="4">
    <subfield code="a">980.031</subfield>
    <subfield code="b">H831a</subfield>
    <subfield code="2">22</subfield>
  </datafield>
  <datafield tag="100" ind1="1" ind2=" ">
    <subfield code="a">Hostos, Eugenio Mar&#xED;a de,</subfield>
    <subfield code="d">1839-1903</subfield>
    <subfield code="e">autor</subfield>
    <subfield code="9">1352</subfield>
  </datafield>
  <datafield tag="245" ind1="1" ind2="0">
    <subfield code="a">Am&#xE9;rica :</subfield>
    <subfield code="b">la lucha por la libertad /</subfield>
    <subfield code="c">Eugenio Mar&#xED;a de Hostos ; estudio preliminar, Manuel Maldonado-Denis.</subfield>
  </datafield>
  <datafield tag="250" ind1=" " ind2=" ">
    <subfield code="a">Ed. especial</subfield>
  </datafield>
  <datafield tag="264" ind1=" " ind2=" ">
    <subfield code="a">San Juan, Puerto Rico :</subfield>
    <subfield code="b">compromiso,</subfield>
    <subfield code="c">1988.</subfield>
  </datafield>
  <datafield tag="300" ind1=" " ind2=" ">
    <subfield code="a">336 p&#xE1;ginas ;</subfield>
    <subfield code="c">23 cm.</subfield>
  </datafield>
  <datafield tag="336" ind1=" " ind2=" ">
    <subfield code="2">rdacontent</subfield>
    <subfield code="a">texto</subfield>
    <subfield code="b">txt</subfield>
  </datafield>
  <datafield tag="337" ind1=" " ind2=" ">
    <subfield code="2">rdamedia</subfield>
    <subfield code="a">sin mediaci&#xF3;n</subfield>
    <subfield code="b">n</subfield>
  </datafield>
  <datafield tag="338" ind1=" " ind2=" ">
    <subfield code="2">rdacarrier</subfield>
    <subfield code="a">volumen</subfield>
    <subfield code="b">nc</subfield>
  </datafield>
  <datafield tag="500" ind1=" " ind2=" ">
    <subfield code="a">"Edici&#xF3;n especial del sesquincentenario de Eugenio Mar&#xED;a de Hostos".</subfield>
  </datafield>
  <datafield tag="500" ind1=" " ind2=" ">
    <subfield code="a">"Cronolog&#xED;a de Hostos": p. 331-332.</subfield>
  </datafield>
  <datafield tag="504" ind1=" " ind2=" ">
    <subfield code="a">Bibliograf&#xED;a : p. 333-336.</subfield>
  </datafield>
  <datafield tag="505" ind1="0" ind2=" ">
    <subfield code="a">Pr&#xF3;logo --</subfield>
    <subfield code="t">Introducci&#xF3;n al pensamiento social de Eugenio Mar&#xED;a de Hostos /</subfield>
    <subfield code="r">Manuel Maldonado-Denis --</subfield>
    <subfield code="t">Una vida ejemplar --</subfield>
    <subfield code="t">Hostos, soci&#xF3;logo y maestro --</subfield>
    <subfield code="t">Hostos, revolucionario antillano --</subfield>
    <subfield code="g">H&#xE9;roes de la libertad --</subfield>
    <subfield code="t">En la tumba de Segundo Ru&#xED;z Belvis --</subfield>
    <subfield code="t">Recuerdos de Betances --</subfield>
    <subfield code="t">Lo que intent&#xF3; Bol&#xED;var --</subfield>
    <subfield code="t">Luper&#xF3;n --</subfield>
    <subfield code="t">Retrato de Francisco V. Aguilera --</subfield>
    <subfield code="t">Qui&#xE9;n era Maceo --</subfield>
    <subfield code="t">M&#xE1;ximo G&#xF3;mez y la revoluci&#xF3;n de Cuba --</subfield>
    <subfield code="t">La noticia de la muerte de Maceo --</subfield>
    <subfield code="t">El soldado de la libertad --</subfield>
    <subfield code="g">Cuba y la lucha por la libertad en Las Antillas --</subfield>
    <subfield code="t">P&#xE1;ginas del diario --</subfield>
    <subfield code="t">10 de octubre --</subfield>
    <subfield code="t">La &#xFA;ltima hecatombe --</subfield>
    <subfield code="t">El problema de Cuba --</subfield>
    <subfield code="g">Las Antillas y el futuro de Am&#xE9;rica Latina --</subfield>
    <subfield code="t">Ayacucho --</subfield>
    <subfield code="t">Carta al director de El Universal de Madrid --</subfield>
    <subfield code="t">Intervenci&#xF3;n en el Ateneo de Madrid --</subfield>
    <subfield code="t">P&#xE1;ginas del diario --</subfield>
    <subfield code="t">Carta al redactor de El Argentino --</subfield>
    <subfield code="t">Carta al presidente del Per&#xFA; --</subfield>
    <subfield code="t">La Am&#xE9;rica Latina --</subfield>
    <subfield code="g">La lucha por la presidencia de Puerto Rico --</subfield>
    <subfield code="t">Carta al director del Diario Cubano --</subfield>
    <subfield code="t">Carta a Emeterio Betances --</subfield>
    <subfield code="t">Carta a Frascisco Sell&#xE9;n --</subfield>
    <subfield code="t">Carta a Francisco de Arredondo y Miranda --</subfield>
    <subfield code="t">Carta a Ram&#xF3;n V&#xE9;lez L&#xF3;pez --</subfield>
    <subfield code="t">Carta al presidente Horacio V&#xE1;squez --</subfield>
    <subfield code="t">Carta al director de La Correspondencia de Puertp Rico --</subfield>
    <subfield code="t">Cartas al doctor Manuel Guzm&#xE1;n Rodr&#xED;guez --</subfield>
    <subfield code="t">Programa de los independientes --</subfield>
    <subfield code="t">A los puertorrique&#xF1;os --</subfield>
    <subfield code="t">La liga de patriotas --</subfield>
    <subfield code="t">Lo que es la liga de patriotas --</subfield>
    <subfield code="t">Carta al general Gregorio Luper&#xF3;n --</subfield>
    <subfield code="g">Literatura y Pol&#xED;tica --</subfield>
    <subfield code="t">Pr&#xF3;logo a la primera edici&#xF3;n de La peregrinaci&#xF3;n de Bay&#xF3;n --</subfield>
    <subfield code="t">Pr&#xF3;logo a la segunda edici&#xF3;n de La peregrinaci&#xF3;n de Bay&#xF3;n --</subfield>
    <subfield code="t">Pl&#xE1;cido --</subfield>
    <subfield code="g">Cronolog&#xED;a de Hostos --</subfield>
    <subfield code="g">Bibliograf&#xED;a escogida.</subfield>
  </datafield>
  <datafield tag="590" ind1=" " ind2=" ">
    <subfield code="a">Inventariado, 2019/BT</subfield>
  </datafield>
  <datafield tag="650" ind1=" " ind2="4">
    <subfield code="a">Am&#xE9;rica latina</subfield>
    <subfield code="x">Historia</subfield>
    <subfield code="y">1825-1900</subfield>
    <subfield code="9">53808</subfield>
  </datafield>
  <datafield tag="700" ind1="1" ind2=" ">
    <subfield code="a">Maldonado-Denis, Manuel,</subfield>
    <subfield code="9">8036</subfield>
    <subfield code="e">estudio preliminar</subfield>
  </datafield>
  <datafield tag="910" ind1=" " ind2=" ">
    <subfield code="a">Validado. Control de calidad. MMOLINA</subfield>
  </datafield>
  <datafield tag="942" ind1=" " ind2=" ">
    <subfield code="2">ddc</subfield>
    <subfield code="c">LBS1</subfield>
  </datafield>
  <datafield tag="952" ind1=" " ind2=" ">
    <subfield code="0">0</subfield>
    <subfield code="1">0</subfield>
    <subfield code="2">ddc</subfield>
    <subfield code="5">1</subfield>
    <subfield code="7">0</subfield>
    <subfield code="8">PD</subfield>
    <subfield code="a">BNPHU</subfield>
    <subfield code="b">BNPHU</subfield>
    <subfield code="c">HD</subfield>
    <subfield code="d">2011-03-24</subfield>
    <subfield code="e">Donaci&#xF3;n</subfield>
    <subfield code="l">0</subfield>
    <subfield code="o">BNPHU PD 980.031 H831a</subfield>
    <subfield code="p">26697-10</subfield>
    <subfield code="r">2020-06-25</subfield>
    <subfield code="w">2020-06-25</subfield>
    <subfield code="y">LBS1</subfield>
    <subfield code="z">Perteneci&#xF3; a la biblioteca personal de Germ&#xE1;n Emilio Ornes.</subfield>
    <subfield code="Z">No se presta</subfield>
  </datafield>
  <datafield tag="952" ind1=" " ind2=" ">
    <subfield code="0">0</subfield>
    <subfield code="1">0</subfield>
    <subfield code="2">ddc</subfield>
    <subfield code="5">1</subfield>
    <subfield code="7">0</subfield>
    <subfield code="8">PD</subfield>
    <subfield code="a">BNPHU</subfield>
    <subfield code="b">BNPHU</subfield>
    <subfield code="c">HD</subfield>
    <subfield code="d">2018-11-22</subfield>
    <subfield code="l">0</subfield>
    <subfield code="o">BNPHU PD 980.031 H831a</subfield>
    <subfield code="p">26697-20</subfield>
    <subfield code="r">2020-06-25</subfield>
    <subfield code="t">e.2</subfield>
    <subfield code="w">2020-06-25</subfield>
    <subfield code="y">LBS1</subfield>
    <subfield code="Z">No se presta</subfield>
  </datafield>
  <datafield tag="952" ind1=" " ind2=" ">
    <subfield code="0">0</subfield>
    <subfield code="1">0</subfield>
    <subfield code="2">ddc</subfield>
    <subfield code="5">6</subfield>
    <subfield code="7">0</subfield>
    <subfield code="8">DS</subfield>
    <subfield code="a">BNPHU</subfield>
    <subfield code="b">BNPHU</subfield>
    <subfield code="c">HD</subfield>
    <subfield code="d">2024-01-26</subfield>
    <subfield code="e">Donado por el Colegio Nuestra Se&#xF1;ora de Lourdes</subfield>
    <subfield code="l">0</subfield>
    <subfield code="o">BNPHU DS 980.031 H831a</subfield>
    <subfield code="p">2024-0466</subfield>
    <subfield code="r">2024-01-26</subfield>
    <subfield code="t">e.3</subfield>
    <subfield code="w">2024-01-26</subfield>
    <subfield code="y">LBS1</subfield>
  </datafield>
  <datafield tag="999" ind1=" " ind2=" ">
    <subfield code="c">26189</subfield>
    <subfield code="d">26189</subfield>
  </datafield>
</record>
